2600 Typographic Ornaments and Designs : (Record no. 582366)

MARC details
000 -LEADER
fixed length control field 00484nam a2200193 a 4500
008 - FIXED-LENGTH DATA ELEMENTS--GENERAL INFORMATION
fixed length control field 250816s2001##################000#0#eng##
020 ## - INTERNATIONAL STANDARD BOOK NUMBER
ISBN 9780486417981
082 04 - DEWEY DECIMAL CLASSIFICATION NUMBER
Classification number 686.244
Item number KAT
100 1# - MAIN ENTRY--AUTHOR NAME
Personal name Kate, Maggie,
245 10 - TITLE STATEMENT
Title 2600 Typographic Ornaments and Designs :
260 ## - PUBLICATION, DISTRIBUTION, ETC. (IMPRINT)
Name of publisher Courier Corporation,
Year of publication 2001.
300 ## - PHYSICAL DESCRIPTION
Number of Pages 130 pages
650 #0 - SUBJECT ADDED ENTRY--TOPICAL TERM
Topical Term Design.
942 ## - ADDED ENTRY ELEMENTS (KOHA)
Koha item type English Books
Holdings
Withdrawn status Lost status Damaged status Not for loan Home library Current library Shelving location Date acquired Full call number Accession Number Price effective from Koha item type
        Anna Centenary Library Anna Centenary Library 6TH FLOOR, B WING 16.08.2025 686.244 KAT 401869 16.08.2025 English Books

Find us on the map